Statistics for 80's Rock Quiz

Click here to take the quiz!

General Stats

  • This quiz has been taken 6,560 times
  • The average score is 26 of 55

Answer Stats

HintAnswer% Correct
Back In BlackAC/DC
92%
Paradise CityGuns N Roses
89%
Another one Bites the DustQueen
88%
Don't Stop BelievingJourney
87%
Wanted Dead or AliveBon Jovi
84%
The Final CountdownEurope
82%
Pour Some Sugar On MeDef Leppard
80%
Master of PuppetsMetallica
73%
Eye of the TigerSurvivor
73%
Crazy TrainOzzy Osbourne
71%
Dude Looks Like a LadyAerosmith
70%
I Love Rock and RollJoan Jett
67%
Hot for TeacherVan Halen
66%
Rock You Like a HurricaneScorpions
65%
Rebel YellBilly Idol
64%
Hungry Like the WolfDuran Duran
64%
Comfortably NumbPink Floyd
64%
Never Gonna Give You UpRick Astley
63%
Kickstart My HeartMotley Crue
62%
I Wanna RockTwisted Sister
60%
Sharp Dressed ManZZ Top
59%
Should I Stay or Should I goThe Clash
56%
Nothin' But a Good TimePoison
55%
Cum on Feel the NoizeQuiet Riot
53%
PoisonAlice Cooper
52%
Run to the HillsIron Maiden
51%
Cherry PieWarrant
48%
Breaking the LawJudas Priest
47%
Tom SawyerRush
47%
Crazy Crazy NightsKiss
45%
Jessie's GirlRick Springfield
45%
18 and LifeSkid Row
43%
Round and RoundRatt
42%
Can't Fight This FeelingReo Speedwagon
42%
Still of the NightWhitesnake
42%
Holy DiverDio
40%
Juke Box HeroForeigner
39%
Mr. RobotoStyx
36%
Old Time Rock and RollBob Seger
33%
Sister ChristianNight Ranger
26%
Once Bitten Twice ShyGreat White
25%
Raining BloodSlayer
25%
Kiss Me DeadlyLita Ford
24%
Orange CrushR.E.M
24%
Peace SellsMegadeth
23%
Gypsy RoadCinderella
22%
Run RunawaySlade
17%
SeventeenWinger
16%
Perfect StrangersDeep Purple
15%
WaitWhite Lion
15%
Dream WarriorsDokken
14%
The FlyU2
14%
MadhouseAnthrax
13%
If Looks Could KillHeart
10%
Magic DanceDavid Bowie
9%

Score Distribution

Percentile by Number Answered

Percent of People with Each Score

Your Score History

You have not taken this quiz